Marketing & komunikace časopis České marketingové společnosti

Uložené v:
Podrobná bibliografia
Médium: Seriál
Jazyk:Czech
Vydavateľské údaje: Praha Česká marketingová společnost
Predmet:
Tagy: Pridať tag
Žiadne tagy, Buďte prvý, kto otaguje tento záznam!

MARC

LEADER 00000nas1a22000001 4500
001 s120055
005 20251208110257.1
022 |a 1211-5622 
041 0 |a cze 
044 |a CZ 
245 1 0 |a Marketing & komunikace  |b časopis České marketingové společnosti 
264 1 |a Praha  |b Česká marketingová společnost 
610 2 0 |a marketing 
610 2 0 |a stratégia marketingová 
610 2 0 |a nástroje marketingové